000 00742nam a2200229Ia 4500
003 GCL
008 140319s9999 xx 000 0 ara d
040 _aGCL /
_cGCL
082 0 4 _aع
_b613.0432
_bل ر
100 1 _aمؤسسة الكويت للتقدم العلمى
245 1 0 _aالرضاعة الطبيعية /
_cمؤسسة الكويت للتقدم العلمى
700 1 _aلطيفة الفهد (تقديم)
700 1 _aعلى التنير (مراجع)
260 _a[S.N] :
_bمؤسسة الكويت للتقدم العلمى ،
_c1983
300 _a167 ص
490 _a
650 0 4 _aالاطفال
650 0 4 _aالاطفال الرضع
650 0 4 _aالرضاعة
650 0 4 _aلبن الام
942 _2ddc
_cBK
999 _c30618
_d30618